000 00612nam a2200193Ia 4500
005 20250508164828.0
008 008 250505s9999 xx 000 0 hin d
037 _aDissertations
040 _aFEDL
_beng
_cFEDL
041 _ahin
_2eng
084 _a371.97, JOH/DI
_qFEDL
100 _aJohri Ritu
_9779232
245 0 _a"Paramprik koshal ke paripresh me baccho ki samjh: Delhi me base gaduliya luhar samudaya ke baccho ka adhyan"
260 _c2005
300 _a124p.
546 _aM. Phil. Dissertation (Delhi University)
942 _cDIS
_h371.97, JOH/DI
999 _c1391448
_d1391448